| 000 | 00613cam a22002051 4500 | ||
|---|---|---|---|
| 001 | sa 68006357 | ||
| 003 | DLC | ||
| 005 | 20260227112516.0 | ||
| 008 | 710915s1946 pk 00000 eng | ||
| 010 | _asa 68006357 //r82 | ||
| 043 | _aa-ii--- | ||
| 050 | 0 |
_aDS480.45 _b.I35 |
|
| 100 | 0 | 0 | _aIftikhar-ul-Haq. |
| 245 | 1 | 0 |
_aPakistan & Constituent Assembly. _cWith a foreword by Iftikhar Husain Khan. |
| 260 | 0 |
_aLahore, _bYoung People Pub. Bureau, _c1946. |
|
| 300 |
_aviii, 155 p. _c19 cm. |
||
| 651 | 0 |
_aIndia _xPolitics and government _y1919-1947. |
|
| 650 | 0 |
_aMuslims _zIndia. |
|
| 650 | 0 |
_aNationalism _zIndia. |
|
| 999 |
_c81278 _d81278 |
||